000 01047cam a2200337 a 4500
001 1805
003 FISKH
005 20250612094534.0
008 971028s1998 nyua b 000 0 eng
010 _a 97039190
020 _a059045062X
020 _a078073003501
040 _aDLC
_cDLC
_dDLC
_beng
042 _alcac
050 0 0 _aHQ767.9
_b.M39 1998
082 0 0 _a305.231
_221
100 1 _aMarzollo, Jean.
245 1 0 _aHow kids grow /
_cby Jean Marzollo ; photographed by Nancy Sheehan.
260 _aNew York :
_bScholastic,
_c1998.
300 _a30 unnumbered pages :
_bcolor illustrations ;
_c21 cm.
505 _aG
520 _aPhotographs show how children grow and change from tiny babies to six- and seven-year-olds.
521 8 _a420
_bLexile
521 8 _aG
_bRaz-Plus
650 0 _aChild development
_xJuvenile literature.
650 1 _aGrowth.
650 1 _aChild development.
700 1 _aSheehan, Nancy.
_dPhotographer
906 _a7
_bcbc
_corignew
_d1
_eocip
_f19
_gy-gencatlg
942 _2ddc
_cBK
_n0
999 _c1805
_d1805